000 00490nam a2200181Ia 4500
001 2727
005 20260306144828.0
008 260306t2005||||xx |||||||||||||| ||spa||
041 _aESP
082 _a219.3
_bB61
100 _aBlanco, Pablo
_eAUT
245 0 _aJoseph Ratzinger:
_bRazón y cristianismo: La victoria de la inteligencia en el mundo de las religiones
260 _c2005
300 _a300 páginas :
_c24 cm.
650 _aGEN
654 _aCHU
942 _cLIB
_dJUS
_fJUS
_2ddc
_n
999 _c2727
_d2727